Statistics for Biggest Cities in Oregon

Click here to take the quiz!

General Stats

  • This quiz has been taken 8,728 times
    (3,831 since last reset)
  • The average score is 7 of 20

Answer Stats

PopulationCountyCity% Correct
653,115MultnomahPortland
99%
173,442MarionSalem
84%
171,245LaneEugene
72%
97,590DeschutesBend
56%
98,962WashingtonBeaverton
41%
58,641BentonCorvallis
40%
82,347JacksonMedford
39%
62,979LaneSpringfield
35%
110,158MultnomahGresham
32%
108,389WashingtonHillsboro
31%
54,758WashingtonTigard
26%
54,453LinnAlbany
26%
37,129ClackamasOregon City
24%
38,191JosephineGrants Pass
22%
39,532ClackamasLake Oswego
20%
30,914DeschutesRedmond
20%
39,692MarionKeizer
17%
34,617YamhillMcMinnville
17%
27,602WashingtonTualatin
17%
26,756ClackamasWest Linn
16%

Score Distribution

Percentile by Number Answered

Percent of People with Each Score

Your Score History

You have not taken this quiz since the last reset